[Event "TUR-chT 2nd League"]
[Site "Denizli"]
[Date "2023.07.10"]
[Round "3.36"]
[White "Erdogan, Tekin Alp"]
[Black "Unlu, Alp Bugra"]
[Result "1-0"]
[WhiteElo "1930"]
[BlackElo "1779"]
[PlyCount "84"]
[EventDate "2023.07.09"]
[EventType "team-swiss"]
[EventRounds "9"]
[EventCountry "TUR"]
[SourceTitle "CBM 215 Extra"]
[Source "ChessBase"]
[SourceDate "2023.09.30"]
[SourceVersion "1"]
[SourceVersionDate "2023.09.30"]
[SourceQuality "1"]
[WhiteTeam "Canakkale Apaydin"]
[BlackTeam "Manisa Turkuaz"]
[WhiteTeamCountry "TUR"]
[BlackTeamCountry "TUR"]

1. d4 Nf6 2. Nf3 g6 3. Nc3 Bg7 4. e4 d6 5. Be2 0-0 6. 0-0 e5 7. dxe5 dxe5 8. Nxe5 Qxd1 9. Rxd1 Nxe4 10. Nxe4 Bxe5 11. c3 Na6 12. Bh6 Re8 13. Bb5 c6 14. Bxa6 bxa6 15. Nc5 a5 16. h3 f6 17. Be3 h5 18. Rd2 Bf5 19. Rad1 Kf7 20. Kf1 h4 21. Nb7 a4 22. Nd8+ Kg7 23. Nxc6 Rac8 24. Nxa7 Rc4 25. Bd4 Bb8 26. Nb5 g5 27. Re2 Rh8 28. Re7+ Kg6 29. f3 Rc6 30. Ba7 Bg3 31. Bf2 Bh2 32. Nd4 Rd6 33. Ke2 Rhd8 34. Re1 Bc8 35. Kd2 a3 36. b3 Bf5 37. Kc1 Rc8 38. Rg7+ Kh5 39. Nxf5 Rxc3+ 40. Kb1 Rd2 41. Bd4 Rb2+ 42. Ka1 Be5 1-0

[Event "Mersin op 5th"]
[Site "Mersin"]
[Date "2021.11.19"]
[Round "6"]
[White "Erdogan, Tekin Alp"]
[Black "Demirtas, Alper"]
[Result "1/2-1/2"]
[WhiteElo "1769"]
[BlackElo "1644"]
[PlyCount "98"]
[EventDate "2021.11.16"]
[EventType "swiss"]
[EventRounds "9"]
[EventCountry "TUR"]
[SourceTitle "EXT 2023"]
[Source "ChessBase"]
[SourceDate "2022.10.05"]
[SourceVersion "1"]
[SourceVersionDate "2022.10.05"]
[SourceQuality "1"]

1. d4 d5 2. c4 e6 3. Nf3 Nf6 4. g3 Be7 5. Bg2 0-0 6. 0-0 b6 7. Ne5 c6 8. Nc3 Ba6 9. Qa4 Qe8 10. Re1 b5 11. cxb5 cxb5 12. Qd1 b4 13. Na4 Nc6 14. Nxc6 Qxc6 15. Bg5 Qb5 16. e3 Qa5 17. Bxf6 Bxf6 18. Nc5 Be7 19. Nd7 Rfd8 20. Ne5 Rac8 21. h4 Bd6 22. Ng4 f5 23. Nh2 Rc7 24. g4 Bxh2+ 25. Kxh2 Rf8 26. a3 b3 27. gxf5 Rc2 28. f4 Qd8 29. Kg3 exf5 30. Qf3 Bc4 31. Rab1 Rf6 32. h5 Qe8 33. Rec1 Re6 34. Re1 Re2 35. Rxe2 Bxe2 36. Qxd5 Kh8 37. Qa8 Rxe3+ 38. Kf2 Bxh5 39. Qxe8+ Rxe8 40. Bf3 Bxf3 41. Kxf3 h6 42. Rc1 Re4 43. Rc3 Rxd4 44. Rxb3 Rd7 45. Rb5 Rf7 46. b4 g5 47. a4 Kg7 48. a5 Rf6 49. a6 Rf7 1/2-1/2

[Event "Mersin op 5th"]
[Site "Mersin"]
[Date "2021.11.18"]
[Round "5"]
[White "Hotman, Cagan Arhan"]
[Black "Erdogan, Tekin Alp"]
[Result "1/2-1/2"]
[WhiteElo "1357"]
[BlackElo "1769"]
[PlyCount "86"]
[EventDate "2021.11.16"]
[EventType "swiss"]
[EventRounds "9"]
[EventCountry "TUR"]
[SourceTitle "EXT 2023"]
[Source "ChessBase"]
[SourceDate "2022.10.05"]
[SourceVersion "1"]
[SourceVersionDate "2022.10.05"]
[SourceQuality "1"]

1. e4 c6 2. d4 d5 3. Nd2 dxe4 4. Nxe4 Bf5 5. Ng3 Bg6 6. Nf3 Nf6 7. h4 Nh5 8. Nxh5 Bxh5 9. Be3 e6 10. Be2 Nd7 11. Qd2 Be7 12. Ng5 Bxe2 13. Qxe2 Nf6 14. 0-0-0 Qd5 15. Kb1 a5 16. Rh3 Qxg2 17. d5 Qg4 18. Rf3 0-0 19. Rd4 Qg1+ 20. Bc1 Rad8 21. Rg3 Qh1 22. Rd1 Qxh4 23. dxe6 Rxd1 24. exf7+ Rxf7 25. Qxd1 Rf8 26. Qe2 Qb4 27. Qe6+ Kh8 28. Nf7+ Rxf7 29. Qxf7 Bf8 30. Rb3 Qe7 31. Qxe7 Bxe7 32. Rxb7 Bd6 33. Rb6 Bc5 34. Rxc6 Bxf2 35. Rc8+ Ng8 36. c4 h5 37. c5 Kh7 38. Bg5 h4 39. c6 h3 40. Bf4 Ne7 41. Rc7 Nd5 42. Bh2 Nxc7 43. Bxc7 Bg1 1/2-1/2

[Event "Balkan-ch U14"]
[Site "Tornelo INT"]
[Date "2020.11.01"]
[Round "6"]
[White "Djurovic, Peko"]
[Black "Erdogan, Tekin Alp"]
[Result "0-1"]
[WhiteElo "1938"]
[BlackElo "1828"]
[PlyCount "100"]
[EventDate "2020.10.31"]
[EventType "swiss"]
[EventRounds "7"]
[EventCountry "NET"]
[SourceTitle "EXT 2023"]
[Source "ChessBase"]
[SourceDate "2022.10.05"]
[SourceVersion "1"]
[SourceVersionDate "2022.10.05"]
[SourceQuality "1"]

1. e4 e5 2. Nf3 Nf6 3. Nxe5 d6 4. Nf3 Nxe4 5. Nc3 Nf6 6. d4 h6 7. Be2 d5 8. h3 Bd6 9. Be3 0-0 10. Qd2 c6 11. 0-0-0 Bb4 12. Bd3 Ne4 13. Bxe4 dxe4 14. Ne5 Re8 15. a3 Ba5 16. Nc4 Bc7 17. g4 b5 18. Ne5 f6 19. Ng6 a5 20. Nf4 b4 21. Nb1 Bd6 22. a4 Qc7 23. Nh5 Qf7 24. Rhg1 Nd7 25. h4 Nb6 26. b3 Bf8 27. Nf4 Nd5 28. Nxd5 cxd5 29. g5 fxg5 30. hxg5 hxg5 31. Rxg5 Bf5 32. Rdg1 Rac8 33. Bf4 e3 34. fxe3 Rxc2+ 35. Qxc2 Bxc2 36. Kxc2 Rc8+ 37. Kb2 Rc6 38. R5g2 Qf5 39. Be5 g6 40. Ka1 Bg7 41. Rg5 Qd3 42. Bxg7 Kxg7 43. Rxd5 Qxb3 44. Rxa5 Rc2 45. Ra7+ Kf6 46. Rf1+ Ke6 47. Ra6+ Kd5 48. Ra5+ Ke4 49. Re5+ Kd3 50. Rc1 Qa2# 0-1

[Event "Balkan-ch U14"]
[Site "Tornelo INT"]
[Date "2020.10.31"]
[Round "3"]
[White "Dafa, Sirio"]
[Black "Erdogan, Tekin Alp"]
[Result "0-1"]
[WhiteElo "1004"]
[BlackElo "1828"]
[PlyCount "86"]
[EventDate "2020.10.31"]
[EventType "swiss"]
[EventRounds "7"]
[EventCountry "NET"]
[SourceTitle "EXT 2023"]
[Source "ChessBase"]
[SourceDate "2022.10.05"]
[SourceVersion "1"]
[SourceVersionDate "2022.10.05"]
[SourceQuality "1"]

1. e4 c6 2. d4 d5 3. exd5 cxd5 4. Bd3 Nc6 5. c3 Nf6 6. Bf4 e6 7. Nd2 Bd6 8. Bxd6 Qxd6 9. Ngf3 0-0 10. 0-0 Rb8 11. a4 h6 12. Re1 Nd7 13. Qc2 e5 14. dxe5 Ndxe5 15. Bf5 Qf6 16. Bxc8 Rfxc8 17. Nxe5 Nxe5 18. Nb3 Ng6 19. Nd4 Qxd4 20. Qxg6 Qxc3 21. Qf5 Qxb2 22. Qxd5 Rc2 23. Rab1 Qf6 24. Rf1 b6 25. Qd7 a5 26. Qb5 g6 27. Qb3 Qf5 28. Qg3 Rb7 29. Rb5 Qe6 30. Rfb1 Kh7 31. h3 Qc6 32. Qf4 Rc4 33. Qe3 Rxa4 34. Rxb6 Rxb6 35. Qxb6 Qc4 36. Qb7 Rb4 37. Rxb4 axb4 38. Kh2 b3 39. g3 Kg7 40. Qb8 Qc3 41. Qb7 b2 42. Qe4 Qb3 43. Qd4+ Kh7 0-1

[Event "Balkan-ch U14"]
[Site "Tornelo INT"]
[Date "2020.10.31"]
[Round "2"]
[White "Erdogan, Tekin Alp"]
[Black "Creanga, Robert Ionut"]
[Result "0-1"]
[WhiteElo "1828"]
[BlackElo "1955"]
[PlyCount "100"]
[EventDate "2020.10.31"]
[EventType "swiss"]
[EventRounds "7"]
[EventCountry "NET"]
[SourceTitle "EXT 2023"]
[Source "ChessBase"]
[SourceDate "2022.10.05"]
[SourceVersion "1"]
[SourceVersionDate "2022.10.05"]
[SourceQuality "1"]

1. d4 Nf6 2. Bg5 e6 3. e4 h6 4. Bxf6 Qxf6 5. e5 Qe7 6. c3 d6 7. Nf3 g6 8. exd6 cxd6 9. Bb5+ Bd7 10. Bxd7+ Nxd7 11. 0-0 Bg7 12. Na3 0-0 13. Nc4 b5 14. Ne3 Rab8 15. Re1 Qd8 16. Qd3 d5 17. Ng4 Qc7 18. h3 b4 19. Nd2 bxc3 20. bxc3 Rfc8 21. Rec1 Nb6 22. Ne3 Na4 23. Nd1 Qd6 24. Rab1 Qa3 25. Qa6 Bf8 26. Ra1 Rc7 27. c4 Nb6 28. Qxa3 Bxa3 29. Rc2 Nxc4 30. Nb3 Rbc8 31. Re2 a5 32. Nc3 Bb2 33. Nb5 Bxa1 34. Nxc7 Rxc7 35. Nxa1 a4 36. Rc2 Rb7 37. Rc1 Rb2 38. a3 Nxa3 39. Kf1 Nc4 40. Nc2 a3 41. Ke1 a2 42. Kd1 Na5 43. Na1 Rxf2 44. Rc5 Nc4 45. Nb3 Rf1+ 46. Kc2 a1Q 47. Nxa1 Rxa1 48. g4 g5 49. Kd3 Ra3+ 50. Ke2 Rxh3 0-1

[Event "Balkan-ch U14"]
[Site "Tornelo INT"]
[Date "2020.10.31"]
[Round "4"]
[White "Ristic, Luka"]
[Black "Erdogan, Tekin Alp"]
[Result "0-1"]
[WhiteElo "1863"]
[BlackElo "1828"]
[PlyCount "72"]
[EventDate "2020.10.31"]
[EventType "swiss"]
[EventRounds "7"]
[EventCountry "NET"]
[SourceTitle "EXT 2023"]
[Source "ChessBase"]
[SourceDate "2022.10.05"]
[SourceVersion "1"]
[SourceVersionDate "2022.10.05"]
[SourceQuality "1"]

1. d4 d5 2. Bf4 Nf6 3. e3 e6 4. Nf3 Bd6 5. Bg3 0-0 6. Bd3 c5 7. c3 b6 8. Nbd2 Bb7 9. Ne5 Qc7 10. f4 Nbd7 11. Qf3 Ne8 12. Bh4 Bxe5 13. fxe5 f6 14. Qh3 f5 15. g4 Nxe5 16. dxe5 Qxe5 17. 0-0-0 c4 18. Bc2 b5 19. gxf5 exf5 20. Bg3 Qf6 21. Rhf1 Bc8 22. Nf3 g6 23. Be5 Qe7 24. Qg3 Nf6 25. Qh4 Be6 26. Nd4 Bd7 27. Bf4 b4 28. cxb4 Qxb4 29. Rg1 c3 30. Bb3 a5 31. Be5 a4 32. Qh6 Rf7 33. Rxg6+ hxg6 34. Qxg6+ Kf8 35. Bxf6 axb3 36. bxc3 Qxc3+ 0-1

[Event "TUR-ch U13-U18"]
[Site "Antalya"]
[Date "2020.01.25"]
[Round "11"]
[White "Erdogan, Tekin Alp"]
[Black "Egeli, Sercan Veli"]
[Result "1-0"]
[WhiteElo "1789"]
[BlackElo "1678"]
[PlyCount "61"]
[EventDate "2020.01.19"]
[EventType "swiss"]
[EventRounds "11"]
[EventCountry "TUR"]
[SourceTitle "CBM 195 Extra"]
[Source "ChessBase"]
[SourceDate "2020.05.31"]
[SourceVersion "1"]
[SourceVersionDate "2020.05.31"]
[SourceQuality "1"]

1. d4 e6 2. Nf3 c5 3. e3 Nc6 4. Be2 Nf6 5. 0-0 cxd4 6. exd4 d5 7. c3 h6 8. Bf4 Bd6 9. Bxd6 Qxd6 10. Re1 0-0 11. Bd3 Nd7 12. Na3 e5 13. Nb5 Qb8 14. dxe5 Ndxe5 15. Nxe5 Nxe5 16. h3 Bd7 17. Nd4 Nxd3 18. Qxd3 Re8 19. Nf3 Bc6 20. Rxe8+ Qxe8 21. Re1 Qf8 22. b4 a6 23. Nd4 Re8 24. Rd1 Ra8 25. Nf5 Re8 26. Ne3 Rd8 27. Qd4 Rd7 28. Nf5 Kh7 29. Re1 g6 30. Re8 Re7 31. Rxf8 1-0

[Event "TUR-ch U13-U18"]
[Site "Antalya"]
[Date "2020.01.24"]
[Round "9"]
[White "Arslan, Muhammed Emin"]
[Black "Erdogan, Tekin Alp"]
[Result "1/2-1/2"]
[WhiteElo "1616"]
[BlackElo "1789"]
[PlyCount "149"]
[EventDate "2020.01.19"]
[EventType "swiss"]
[EventRounds "11"]
[EventCountry "TUR"]
[SourceTitle "CBM 195 Extra"]
[Source "ChessBase"]
[SourceDate "2020.05.31"]
[SourceVersion "1"]
[SourceVersionDate "2020.05.31"]
[SourceQuality "1"]

1. c4 e5 2. Nc3 Nc6 3. g3 g6 4. Bg2 Bg7 5. e4 d6 6. d3 f5 7. Nge2 Nf6 8. 0-0 0-0 9. h3 Be6 10. Nd5 Qd7 11. Kh2 Nd8 12. Be3 c6 13. Nxf6+ Bxf6 14. Rc1 d5 15. cxd5 cxd5 16. exf5 gxf5 17. d4 e4 18. f3 Nc6 19. Qd2 Ne7 20. Nf4 Bf7 21. h4 Ng6 22. fxe4 dxe4 23. Bh3 Bd8 24. b3 a5 25. Rc5 Be8 26. Ne2 Ne7 27. Bg5 Bg6 28. Nf4 Nc6 29. Rd5 Qf7 30. Bh6 Nb4 31. Rd6 Bc7 32. Bxf8 Rxf8 33. h5 Bxd6 34. hxg6 hxg6 35. Kg2 Rc8 36. Rc1 Rxc1 37. Qxc1 Bxf4 38. Qxf4 Nd5 39. Qb8+ Kh7 40. Qd6 Nf6 41. Qc5 Qd7 42. Kf2 Kg8 43. Bf1 Ng4+ 44. Kg1 Kg7 45. d5 Qd8 46. d6 Nf6 47. Qc7+ Qd7 48. Qc5 Ne8 49. Qe5+ Kh7 50. Bb5 Qxd6 51. Qxe8 Qxg3+ 52. Kf1 Qf3+ 53. Ke1 Qe3+ 54. Kd1 Qg1+ 55. Kd2 Qf2+ 56. Be2 Qd4+ 57. Kc2 Qc5+ 58. Kd1 Qd4+ 59. Kc2 Qc5+ 60. Kd1 e3 61. Qd7+ Kh6 62. Qxb7 Qd4+ 63. Ke1 Qh4+ 64. Kd1 Qd4+ 65. Ke1 Qa1+ 66. Bd1 Qc3+ 67. Kf1 Qd3+ 68. Be2 Qb1+ 69. Kg2 Qxa2 70. Kf3 Qd2 71. Qb6 Qd5+ 72. Kxe3 Kg5 73. Qb5 Qe4+ 74. Kd2 Qd4+ 75. Kc2 1/2-1/2

[Event "TUR-chT Clubs"]
[Site "Konya"]
[Date "2019.07.16"]
[Round "1.5"]
[White "Erdogan, Tekin Alp"]
[Black "Karaburun, Isa Emre"]
[Result "1-0"]
[WhiteElo "1777"]
[BlackElo "1230"]
[PlyCount "151"]
[EventDate "2019.07.16"]
[EventType "team-swiss"]
[EventRounds "9"]
[EventCountry "TUR"]
[SourceTitle "CBM 191 Extra"]
[Source "ChessBase"]
[SourceDate "2019.09.30"]
[SourceVersion "1"]
[SourceVersionDate "2019.09.30"]
[SourceQuality "1"]
[WhiteTeam "Goztepe Dernegi"]
[BlackTeam "Mugla Buyuksehir"]
[WhiteTeamCountry "TUR"]
[BlackTeamCountry "TUR"]

1. e4 c5 2. Nf3 Nc6 3. Bb5 d6 4. 0-0 Nf6 5. Re1 e6 6. c3 a6 7. Bxc6+ bxc6 8. e5 Nd7 9. exd6 Bxd6 10. d4 0-0 11. Nbd2 Nf6 12. Nc4 Be7 13. Bg5 cxd4 14. Qxd4 Qxd4 15. Nxd4 Nd5 16. Bxe7 Nxe7 17. Re5 Rb8 18. Rc5 Bd7 19. Ra5 Rfc8 20. Nb3 Nd5 21. Rxa6 c5 22. Ra5 Rb5 23. Rxb5 Bxb5 24. Nd6 Rb8 25. Nxb5 c4 26. Nd2 Rxb5 27. Nxc4 Rb8 28. a4 Kf8 29. a5 Ke7 30. Kf1 f6 31. Ke2 Kd7 32. Kd2 Kc6 33. Kc2 Kc5 34. Ne3 Nc7 35. b4+ Kc6 36. Nc4 Nd5 37. Kb3 Kc7 38. Ne3 Ne7 39. Ka4 Kc6 40. Rb1 Nc8 41. Nc4 Kd5 42. Kb3 Kc6 43. Rd1 Kc7 44. Ka4 Na7 45. Nb6 Kc6 46. c4 Rb7 47. Rd8 Rc7 48. Kb3 Kb7 49. Rd7 Rxd7 50. Nxd7 Nc6 51. Nc5+ Ka7 52. Nxe6 g6 53. Nf8 Nd4+ 54. Ka4 Ne2 55. Nxh7 Nc3+ 56. Kb3 Ne4 57. f3 Nd2+ 58. Kc3 Nf1 59. Nxf6 Nxh2 60. b5 Nf1 61. c5 Ne3 62. c6 Kb8 63. b6 Nf5 64. Nd7+ Kc8 65. b7+ Kc7 66. b8Q+ Kxc6 67. Ne5+ Kd5 68. a6 Nd6 69. a7 Kxe5 70. a8Q Ke6 71. Qg8+ Kf5 72. Qad5+ Kf4 73. Qxd6+ Ke3 74. Qd4+ Ke2 75. Qa2+ Ke1 76. Qg1# 1-0

[Event "TUR-chT2"]
[Site "Konya"]
[Date "2018.07.15"]
[Round "9.3"]
[White "Erdogan, Tekin Alp"]
[Black "Kocacoglu, Ayhan"]
[Result "1/2-1/2"]
[WhiteElo "1679"]
[BlackElo "1728"]
[PlyCount "70"]
[EventDate "2018.07.10"]
[EventType "team-swiss"]
[EventRounds "9"]
[EventCountry "TUR"]
[SourceTitle "EXT 2019"]
[Source "ChessBase"]
[SourceDate "2018.10.10"]
[SourceVersion "1"]
[SourceVersionDate "2018.10.10"]
[SourceQuality "1"]
[WhiteTeam "Izmir Apaydin Dernegi"]
[BlackTeam "Ceylanpinar Belediyesi"]
[WhiteTeamCountry "TUR"]
[BlackTeamCountry "TUR"]

1. e4 d5 2. exd5 Qxd5 3. Qf3 Qxf3 4. Nxf3 Nf6 5. Nc3 Nc6 6. Bb5 Bd7 7. 0-0 e6 8. d4 Bb4 9. Bxc6 Bxc6 10. Ne5 Be4 11. Nxe4 Nxe4 12. c3 Bd6 13. Nc4 0-0 14. a4 Nf6 15. h3 Be7 16. Bg5 Nd5 17. Bxe7 Nxe7 18. Rfe1 Nf5 19. Ra3 Nd6 20. Nxd6 cxd6 21. Re3 Rfe8 22. Kf1 Kf8 23. Ke2 e5 24. dxe5 Rxe5 25. Rxe5 dxe5 26. Ke3 Ke7 27. g4 Rc8 28. Rb3 Rc7 29. Rb5 Kd6 30. Rb4 b6 31. Ke4 f6 32. h4 g6 33. f3 Rf7 34. Ke3 f5 35. g5 Rc7 1/2-1/2